| 000 | 06303cim a22012977a 4500 | ||
|---|---|---|---|
| 999 | _c58631 | ||
| 001 | 16467052 | ||
| 003 | LIBRIS | ||
| 005 | 20210923125806.0 | ||
| 007 | sd |||||||m||| | ||
| 008 | 140501s2014 sw | ||g|||||||f | swe|c | ||
| 020 |
_a9789164222657 _qCD-skiva |
||
| 035 | _a(BOKR)9789164222657 | ||
| 040 |
_aBOKR _dArvk _dTkb _ea |
||
| 041 | 1 |
_aswe _hnor |
|
| 082 | 0 | 4 |
_a839.823 _222 (machine generated) |
| 084 |
_aHcedb.01/LC _2kssb/8 |
||
| 084 |
_aHcedb.01 _2kssb/8 |
||
| 100 | 1 |
_aNesbø, Jo, _d1960- _0https://libris.kb.se/0xbflx6j38mf3w3#it |
|
| 245 | 1 | 0 |
_aSonen _h[Ljudupptagning] / _cJo Nesbø ; översättning Per Olaisen ; Uppläsare Christian Fex. |
| 264 | 1 |
_aStockholm : _bPiratförlaget, _c2014 |
|
| 300 | _a14 CD (15 tim., 30 min.) | ||
| 655 | 7 |
_aLjudböcker _0https://id.kb.se/term/saogf/Ljudb%C3%B6cker _2saogf |
|
| 655 | 7 |
_aThrillers _0https://id.kb.se/term/saogf/Thrillers _2saogf |
|
| 700 | 1 |
_aOlaisen, Per _4trl |
|
| 700 | 1 |
_aFex, Christian _4nrt |
|
| 887 |
_a{"@id":"dxqxplfq5flt6nr","modified":"2016-02-15T12:13:26+01:00","checksum":"114666368684"} _2librisxl |
||
| 887 |
_a{"@id":"djr7lltk0tx47q1","modified":"2018-04-06T11:45:14+02:00","checksum":"134302076545"} _2librisxl |
||
| 887 |
_a{"@id":"x28x0n930n4r1x7","modified":"2014-07-02T12:16:24+02:00","checksum":"153161703456"} _2librisxl |
||
| 887 |
_a{"@id":"59jf6rdb5kp74dx","modified":"2016-01-25T12:52:35+01:00","checksum":"118895179929"} _2librisxl |
||
| 887 |
_a{"@id":"kpwmqm3q42xhvtm","modified":"2014-11-05T10:06:33+01:00","checksum":"138773286228"} _2librisxl |
||
| 887 |
_a{"@id":"8dl9xk4f13kzwnn","modified":"2014-09-09T16:12:08+02:00","checksum":"111672202250"} _2librisxl |
||
| 887 |
_a{"@id":"ns0p7q9t5btwjpf","modified":"2020-10-03T15:17:11.53+02:00","checksum":"158040184538"} _2librisxl |
||
| 887 |
_a{"@id":"w17wzml22d3f0ml","modified":"2014-11-10T14:03:23+01:00","checksum":"159659051614"} _2librisxl |
||
| 887 |
_a{"@id":"7ck9dw1d1f18zxl","modified":"2014-10-21T10:02:59+02:00","checksum":"113975488073"} _2librisxl |
||
| 887 |
_a{"@id":"37f3x4j82rlsxqs","modified":"2014-06-17T16:20:18+02:00","checksum":"127853443733"} _2librisxl |
||
| 887 |
_a{"@id":"lqxmkrtr5pnjq20","modified":"2014-09-24T16:47:12+02:00","checksum":"150113252085"} _2librisxl |
||
| 887 |
_a{"@id":"lqxmls2r1m1lq5m","modified":"2014-12-11T08:25:49+01:00","checksum":"140314915933"} _2librisxl |
||
| 887 |
_a{"@id":"37f59w682zgwvgm","modified":"2014-10-28T10:01:34+01:00","checksum":"112914789645"} _2librisxl |
||
| 887 |
_a{"@id":"djqh600k1rz4s1j","modified":"2015-01-21T12:09:28+01:00","checksum":"128123900162"} _2librisxl |
||
| 887 |
_a{"@id":"rw3sz6wx59j2pqq","modified":"2014-11-12T14:11:52+01:00","checksum":"153313484355"} _2librisxl |
||
| 887 |
_a{"@id":"x293m1835gdz5t1","modified":"2015-06-22T11:05:46+02:00","checksum":"156316034565"} _2librisxl |
||
| 887 |
_a{"@id":"jnvnb8gp0t50sld","modified":"2015-03-31T14:55:40+02:00","checksum":"120834334079"} _2librisxl |
||
| 887 |
_a{"@id":"x280pkp3263s3sx","modified":"2015-03-18T13:46:12+01:00","checksum":"171839041430"} _2librisxl |
||
| 887 |
_a{"@id":"8dlbzx5f3mj9bd5","modified":"2015-02-05T15:34:31+01:00","checksum":"108014645433"} _2librisxl |
||
| 887 |
_a{"@id":"6bj8vvtc2lc4049","modified":"2014-11-19T18:38:01+01:00","checksum":"114092489787"} _2librisxl |
||
| 887 |
_a{"@id":"bgncrx4h1fmgx06","modified":"2014-11-05T17:27:26+01:00","checksum":"129218480834"} _2librisxl |
||
| 887 |
_a{"@id":"9fmbxz1g2gbl4fn","modified":"2014-09-05T16:10:16+02:00","checksum":"113194816061"} _2librisxl |
||
| 887 |
_a{"@id":"8dlcjq9f2w33dfg","modified":"2014-12-30T16:15:37+01:00","checksum":"115473861245"} _2librisxl |
||
| 887 |
_a{"@id":"59h9ct4b272p0tf","modified":"2015-02-10T16:57:56+01:00","checksum":"109130944208"} _2librisxl |
||
| 900 | 1 | s |
_6100 _d1960- _uNesbø, Jo, _d1960- |
| 900 | 1 | s |
_6100 _d1960- _uNesbø, Jo, _d1960- |
| 900 | 1 | s |
_6100 _d1960- _uNesbø, Jo, _d1960- |
| 942 |
_2z _cAUDIOBOOK |
||